[Event "Olympiad-34"]
[Site "Istanbul"]
[Date "2000.11.04"]
[Round "7.2"]
[White "Smirin, Ilia"]
[Black "Svidler, Peter"]
[Result "1/2-1/2"]
[WhiteElo "2677"]
[BlackElo "2689"]
[Annotator "Ribli,Z"]
[PlyCount "95"]
[EventDate "2000.10.28"]
[EventType "team-swiss"]
[EventRounds "14"]
[EventCountry "TUR"]
[SourceTitle "EXT 2001"]
[Source "ChessBase"]
[SourceDate "2000.11.22"]
[SourceVersion "1"]
[SourceVersionDate "2000.11.22"]
[SourceQuality "1"]
[WhiteTeam "Israel"]
[BlackTeam "Russia"]
[WhiteTeamCountry "ISR"]
[BlackTeamCountry "RUS"]

1. c4 Nf6 2. Nc3 e5 3. Nf3 Nc6 4. d4 {Dieser Zug ist in den letzten paar
Jahren wieder populär geworden, meiner Meinung nach aber bietet er Weiß nichts.
} exd4 5. Nxd4 Bb4 6. Bg5 O-O (6... h6 7. Bh4 Bxc3+ 8. bxc3 Ne5 {Das ist die
andere Hauptfortsetzung für Schwarz.}) 7. Rc1 h6 8. Bh4 Nxd4 {Gewoenlich Mann
spielt dieser Springertausch nach 8...Te8 9.e3.} (8... Re8 9. e3 Nxd4 (9... g5
$5 10. Bg3 Ne4 11. Nde2 $2 (11. Nxc6 bxc6 12. Bd3 Bxc3+ 13. bxc3 d6 $11) 11...
Qf6 12. a3 Ba5 13. b4 Nxb4 $1 14. axb4 Bxb4 $44 {[%csl Gb4,Re1,Ge4,Gf6][%cal
Rb4e1] 0-1 Claesen,P-Bacrot,E/Escaldes 1998/CBM 68/[Ribli] (23)}) 10. Qxd4 c5
11. Qd6 (11. Qd3 g5 12. Bg3 Ne4 $13 (12... d5)) 11... Re6 12. Qd1 b6 (12... Qa5
13. Bxf6 Rxf6 14. a3 Bxc3+ 15. Rxc3) 13. Be2 Bb7 14. O-O Bxc3 15. Rxc3 Qe8 16.
Bf3 Bxf3 17. Qxf3 Rd6 18. Rd1 Rxd1+ 19. Qxd1 Qe6 20. Rd3 g5 21. Bg3 Re8 22. b3
h5 23. f3 b5 24. e4 h4 25. Rd6 Qe7 26. Bf2 bxc4 27. Bxc5 {1-0 Smirin,I-Almasi,
Z/Pula 2000 (27)}) (8... Bxc3+) (8... d6) (8... Ne5) 9. Qxd4 g5 (9... c5 10.
Qd6 (10. Bxf6 $4 cxd4 11. Bxd8 dxc3 12. bxc3 Ba3 $19) 10... g5 11. Bg3 Re8 {
Das ist nur eine Zugumstellung zu unserer Partie.}) 10. Bg3 c5 11. Qd6 {
Die Dame steht exponiert auf d6, aber Weiß möchte den Zug d7-d5 verhindern.} (
11. Qd1 d5 $36) 11... Re8 (11... Ne4 $5 12. Qxh6 (12. Qd3 Re8) 12... Qb6 (12...
d5 $2 13. Be5 f6 14. Qg6+ Kh8 15. h4 g4 16. Bf4 $16) 13. Qxb6 axb6 $44) 12. e3
Ne4 $5 {[%mdl 512] Schwarz opfert einen Bauern für aktives Figurenspiel.} (
12... Re6 13. Qd1 (13. Qd3)) 13. Qxh6 d5 (13... Qb6 14. Qh5 (14. Qxb6 axb6 $44)
14... Bxc3+ 15. bxc3 Qb2 16. Qd1 Qxa2 17. Bd3 $36) 14. cxd5 Qxd5 $44 {[%cal
Rd5d2,Rd2e1] Schwarz hat einen Bauern weniger und seine Königsstellung ist
geschwächt. Dafür verfügt er über großen Entwicklungsvorteil.} 15. Rd1 Qe6 (
15... Qxa2 $2 16. Be5 $1 $18) 16. Qxe6 (16. Qh5 $2 Nxc3 17. Qxg5+ Kf8 $19)
16... Bxe6 17. Bb5 Red8 (17... Nxc3 18. bxc3 Bxc3+ 19. Ke2 Red8 $13) 18. Rc1 (
18. O-O $2 Bxc3 19. Rxd8+ (19. bxc3 Rxd1 20. Rxd1 Nxc3 $19 {[%cal Rc3b5,Rc3d1]}
) 19... Rxd8 20. bxc3 Nxc3 {[%csl Rb5]} 21. a4 a6 22. Be5 axb5 23. Bxc3 bxa4
$19) 18... a6 19. Be2 Bxa2 $15 {Schwarz hat seinen Bauern zurückgewonnen, sein
Figurenspiel scheint mir aktiver.} 20. Bf3 Nxg3 (20... Bd5 $15) 21. hxg3 Bc4 $5
{[%csl Gb4,Gc4]} 22. Be2 (22. Bxb7 Rab8 23. Bf3 Bxc3+ 24. bxc3 Rb2 $44 {
[%cal Ga6a5,Ga5a4,Ga4a3]}) 22... Bd5 23. f4 $6 {Weiß opfert einen Bauern, um
die Stellung am Königsflügel zu öffnen. Aber ich bin nicht sicher, ob dieses
Opfer ganz korrekt ist.} (23. Bf3) (23. f3) 23... Bxg2 24. Rh5 gxf4 25. gxf4
Bc6 (25... Rd5 $5 $15) 26. Kf2 {[%cal Gc1g1,Gg1g8]} Kf8 27. Rg1 a5 (27... Ke7
$15) 28. Rh7 Bxc3 29. bxc3 {[%mdl 4096]} Ke7 $6 (29... Be4 $17) 30. Rg5 Rh8 $15
(30... b6 31. Bc4 $44) 31. Rxh8 Rxh8 32. Rxc5 Ra8 (32... a4 33. Ra5 $15) 33.
Bc4 a4 {Schwarz hat aufgrund des ernfernten Freibauerns die etwas besseren
Aussichten.} 34. Re5+ Kf6 35. e4 {[%cal Re5f5,Rf5f7]} Bd7 (35... a3 36. Rf5+
Kg6 37. Bxf7+ Kg7 38. Ba2 Bxe4 39. Rf7+ $11) 36. Ba2 a3 37. Ke3 Be6 38. c4 (38.
Bxe6 fxe6 $19) 38... Rh8 {[%cal Gh8h2] Bei reduziertem Material besitzt
Schwarz die Initiative.} 39. Kd4 Rh2 40. Bb3 b6 41. Rb5 a2 (41... Rd2+ 42. Kc3
a2 43. Bxa2 Rxa2 44. Rxb6 {Das ist nur eine Zugumstellung zur
Partiefortsetzung.}) 42. Bxa2 {Weiß muss den Läufer hergeben, bekommt dafür
aber zwei Bauern.} Rd2+ 43. Kc3 Rxa2 44. Rxb6 {[%cal Gb6f6,Rf4f5,Rf5e6]} Ke7
45. f5 $11 {Der Läufer findet keinen Stützpunkt, daher kann Schwarz dieses
Endspiel nicht gewinnen.} Bc8 46. Kd4 Ra6 (46... f6 47. e5 $11 {In diesem Fall
kann Schwarz maximal ein Endspiel R und B gegen R, erreichen, und auch das
wäre bei gutem Spiel Remis.}) 47. Rxa6 Bxa6 48. e5 {Weiß hat nur zwei Bauern
für den Läufer, aufgrund des reduzierten Materials kann Schwarz nicht mehr als
Remis erreichen.} 1/2-1/2

[Event "Tel Aviv ASA"]
[Site "Tel Aviv"]
[Date "1994.??.??"]
[Round "2"]
[White "Soffer, Ram"]
[Black "Lev, Ronen"]
[Result "1/2-1/2"]
[WhiteElo "2520"]
[BlackElo "2475"]
[Annotator "Ribli,Z"]
[PlyCount "157"]
[EventDate "1994.04.??"]
[EventType "tourn"]
[EventRounds "9"]
[EventCountry "ISR"]
[EventCategory "10"]
[SourceTitle "CBM 042"]
[Source "ChessBase"]
[SourceDate "1994.10.01"]
[SourceVersion "1"]
[SourceVersionDate "1994.10.01"]
[SourceQuality "1"]

1. c4 e5 2. Nc3 Nf6 3. Nf3 Nc6 4. a3 d5 $6 (4... g6 $5 5. g3 Bg7 6. Bg2 O-O 7.
O-O d6 8. d3 Nd4 $5 $10 {Morovic Fernandez,I-Karpov,An/Dos Hermanas/1994/CBM41/
}) 5. cxd5 Nxd5 6. Qc2 Be7 7. e3 O-O (7... a6 8. Nxd5 Qxd5 9. Bd3 Bd7 10. b4
Qe6 11. Bb2 $14 {Chernin,A-Polgar,Zsu/Brno/1993/CBM37/}) 8. Bb5 (8. Nxd5 $5
Qxd5 9. Bc4 Qd6 10. b4 Bf6 11. Rb1 $14 {Smyslov,V-Kapengut,A/USSR/1979/}) 8...
Nxc3 9. bxc3 Qd5 10. Bd3 h6 11. Be4 (11. Bh7+ Kh8 12. Be4 Qd6 13. d4 $14) 11...
Qd6 12. d4 f5 (12... exd4 13. cxd4 $14) 13. Bxc6 Qxc6 14. dxe5 b6 (14... Qc4 $5
) 15. O-O Bb7 16. Rd1 Rad8 $6 (16... Rae8 $1 17. Bb2 f4 18. e4 Qxe4 19. Qxe4
Bxe4 20. Rd7 Bxf3 21. gxf3 Bc5 22. Rxc7 Rxe5 $10) 17. Bb2 Rde8 18. c4 f4 19. e4
(19. exf4 Rxf4 20. Rac1 Rxf3 $1 21. gxf3 Qxf3 $17) 19... Qxe4 (19... Qg6 20.
Rd5 $1 Bxd5 21. cxd5 $16) 20. Qxe4 Bxe4 21. Rd7 Bxf3 22. gxf3 Bc5 23. Rxc7 Rf7
24. Rxf7 Kxf7 25. Rd1 Ke6 26. Kf1 Rc8 27. Ke2 Be7 28. Rd4 (28. Kd3 Rd8+ 29. Kc2
Rxd1 30. Kxd1 Bc5 31. Ke2 g6 $10) 28... g5 29. a4 Rc5 30. Bc3 Rxe5+ 31. Kd3 a6
32. h3 a5 33. Re4 Rxe4 34. fxe4 $10 Bc5 35. f3 h5 36. Bd4 Kd7 37. Bf6 g4 $1 38.
hxg4 hxg4 39. fxg4 f3 40. Bg5 Ke6 41. Bf4 Kf6 42. Kd2 Kf7 43. Kd3 Kf6 44. Kd2
Kf7 45. Ke1 Kf6 46. Kf1 Bd4 47. Ke1 Bc5 48. e5+ Kg6 49. Kf1 Bd4 50. Bg3 Kg5 51.
e6 Bc5 (51... Kf6 52. Bf2 $1 $18) 52. Bf2 Be7 (52... Bb4 $2 53. Bxb6 Kxg4 54.
c5 $18) 53. Bxb6 Kxg4 54. Bxa5 Kf5 55. Bb6 Kxe6 56. a5 Kd7 57. a6 Kc6 58. Bf2 (
58. Be3 Bh4 59. Bf2 Bd8 $10) 58... Bd8 59. Ke1 (59. Kg1 Bc7 60. Be3 Bg3 $10)
59... Bb6 $1 60. a7 Ba5+ 61. Kf1 Kb7 62. Bc5 Bd8 63. Kf2 Bf6 64. Kg3 f2 65.
Kxf2 Bh4+ 66. Kf3 Be1 67. Ke4 Bh4 68. Kd5 Be1 69. Kd6 Bg3+ 70. Kd7 Be1 71. Ke6
Bd2 72. Kd5 Be1 73. Ke4 Bh4 74. Kd3 Bg3 75. Kc2 Bh4 76. Kb3 Bg3 77. Ka4 Bh4 78.
Kb5 Bg5 79. a8=N 1/2-1/2

[Event "Groningen PCA"]
[Site "Groningen"]
[Date "1993.??.??"]
[Round "3"]
[White "Kramnik, Vladimir"]
[Black "Beliavsky, Alexander G"]
[Result "0-1"]
[WhiteElo "2710"]
[BlackElo "2635"]
[Annotator "Ribli,Z"]
[PlyCount "162"]
[EventDate "1993.12.??"]
[EventType "swiss"]
[EventRounds "11"]
[EventCountry "NED"]
[SourceTitle "CBM 039"]
[Source "ChessBase"]
[SourceDate "1994.04.01"]
[SourceVersion "1"]
[SourceVersionDate "1994.04.01"]
[SourceQuality "1"]

1. c4 e5 2. Nc3 Nf6 3. Nf3 Nc6 4. d3 d5 5. cxd5 Nxd5 6. e3 Be7 7. Be2 O-O 8.
O-O Be6 9. a3 f5 10. Qc2 Kh8 $1 (10... Bf6 11. Na4 $1 Bf7 12. Bd2 a5 13. Rac1
$14 {Barcza,G-Dely,P/Hungary/1957/}) 11. Na4 $6 (11. Bd2 $5 Nb6 12. b4 Bf6 13.
Bc1 a6 14. Bb2 $14 {Bischoff,K-Veinger,I/Munich zt/1987/CBM03/}) 11... Bd6 12.
b4 (12. Nc5 $5 Bc8 13. b4 $13) 12... Qf6 13. Bb2 Rae8 14. Nc5 Bc8 15. Qc4 (15.
Qb3 $5) 15... Nb6 16. Qc2 Qh6 17. Rfd1 (17. Rad1 $5) 17... Nd5 18. Qc4 $2 (18.
Bf1 $5) 18... Nxe3 $1 19. fxe3 e4 20. dxe4 fxe4 21. Nxe4 Qxe3+ 22. Nf2 Qxe2 23.
Qxe2 Rxe2 24. Bc3 Kg8 25. Kf1 Re3 26. Rac1 Ne7 27. Re1 Nd5 28. Rxe3 Nxe3+ 29.
Kg1 Re8 30. Bd4 Nd5 31. Rd1 b6 32. Nd3 (32. Bxg7 $2 Ne3 $19) 32... Bb7 33. Kf2
Nf6 34. Bxf6 gxf6 35. Nd4 Kf7 36. Nb5 Rd8 37. Nxd6+ (37. Rc1 Bxh2 $19) 37...
Rxd6 38. Rc1 c5 39. Nf4 (39. bxc5 Rxd3 40. cxb6 Rd7 41. bxa7 Ba8 $19) 39... Rc6
40. bxc5 Rxc5 41. Rd1 Rc2+ 42. Kg3 Bc6 43. Rd6 b5 44. Nd5 Rc5 45. Nb4 Rg5+ 46.
Kf4 Bxg2 47. Ra6 h5 48. Rxa7+ Kg6 49. Nd3 Bf1 50. Ke3 Bxd3 51. Kxd3 Rg2 52. Ra5
Rxh2 53. Rxb5 f5 54. Rb1 (54. Ke3 $1 Rg2 (54... Kg5 55. Kf3 Rh3+ 56. Kg2 Rxa3
$15) 55. Kf3 Rg4 56. Rb8 $1 $15) 54... h4 55. Ke3 Rg2 56. Kf3 Rg3+ 57. Kf4 Rg4+
58. Kf3 Kg5 59. Ra1 (59. Rb8 $1) 59... Rg3+ 60. Kf2 Kg4 61. Rb1 h3 62. Rb8 Rg2+
63. Kf1 Rd2 64. Kg1 f4 65. Rg8+ Kf3 66. Rh8 Rd1+ 67. Kh2 Kf2 68. a4 (68. Rb8 $1
) 68... f3 69. a5 Kf1 70. a6 Ra1 71. Ra8 (71. Rb8 $1) 71... f2 72. a7 Ra6 $1
73. Kh1 (73. Kxh3 Rh6+ 74. Kg3 Rg6+ 75. Kh3 Rg7 $19) 73... h2 $1 74. Rb8 (74.
Kxh2 Rh6+ 75. Kg3 Rg6+ 76. Kh3 Rg7 $19) 74... Rxa7 75. Rb1+ Ke2 76. Rb2+ Ke3
77. Rb3+ Ke4 78. Rb4+ Kd3 79. Rb1 Rf7 80. Rf1 Ke2 81. Rxf2+ Kxf2 0-1

[Event "Jakarta"]
[Site "Jakarta"]
[Date "1994.??.??"]
[Round "12"]
[White "Xu, Jun"]
[Black "Lioe, Dede"]
[Result "1-0"]
[WhiteElo "2550"]
[BlackElo "2320"]
[Annotator "Ribli,Z"]
[PlyCount "81"]
[EventDate "1994.04.??"]
[EventType "tourn"]
[EventRounds "13"]
[EventCountry "INA"]
[EventCategory "10"]
[SourceTitle "CBM 041"]
[Source "ChessBase"]
[SourceDate "1994.08.01"]
[SourceVersion "1"]
[SourceVersionDate "1994.08.01"]
[SourceQuality "1"]

1. c4 Nf6 2. Nc3 e5 3. Nf3 Nc6 4. e3 d5 $6 (4... Bb4 $5) 5. cxd5 Nxd5 6. Bb5 (
6. Qc2 Be7 7. a3 $14 {O`Cinneide,M-Smith,AA/Dublin zt/1993/CBM41/}) 6... Nxc3
7. bxc3 Bd6 (7... e4 $2 8. Ne5 Qd5 9. Qa4 Bd7 10. Nxd7 Kxd7 11. Rb1 Bd6 12. Bc4
Qg5 13. Rxb7 $18 {Onischuk,A-Lengyel,B/Budapest ExpFS/1993/EXP38/}) 8. d4 e4 (
8... exd4 9. cxd4 O-O 10. O-O $14 {Suba,M-Shirazi,K/New York op/1989/CBM12/})
9. Nd2 Qg5 10. Bf1 (10. Qa4 O-O 11. g3 Bf5 12. Bxc6 bxc6 13. Qxc6 Qg6 $44)
10... Qg6 11. Qc2 Bf5 12. Rb1 Rb8 13. Rb5 O-O 14. Rxf5 $5 Qxf5 15. Nxe4 Qg6 16.
f3 f5 17. Nxd6 cxd6 (17... Qxd6 18. Bd3 $44) 18. Bd3 Qf6 19. O-O b5 20. Bd2 Kh8
21. Rb1 a6 22. a4 Na7 (22... bxa4 23. Qxa4 Rxb1+ 24. Bxb1 Nb8 25. Bd3 $44) 23.
axb5 axb5 24. Qa2 Qf7 25. Qa3 Rfd8 26. e4 fxe4 27. fxe4 Rf8 28. Be3 Qd7 29. d5
Rf7 (29... Nc8 30. c4 $16) 30. c4 $1 Kg8 31. cxb5 Nc8 (31... Nxb5 32. Qa4 $18)
32. b6 Qd8 33. Qa5 Rfb7 34. Ba6 Rxb6 35. Rb3 $1 Qc7 (35... Qh4 36. Bxb6 Nxb6
37. Rxb6 Rxb6 38. Qxb6 Qe1+ 39. Bf1 $18) 36. Bxc8 Qc2 37. Be6+ Kh8 38. Rxb6
Qd1+ 39. Kf2 Rf8+ 40. Kg3 Qh5 41. Bf5 1-0

[Event "Podolsk"]
[Site "Podolsk"]
[Date "1993.??.??"]
[Round "?"]
[White "Chernin, Alexander"]
[Black "Morozevich, Alexander"]
[Result "1-0"]
[WhiteElo "2615"]
[BlackElo "2545"]
[Annotator "Ribli,Z"]
[PlyCount "61"]
[EventDate "1993.10.??"]
[EventType "tourn"]
[EventRounds "9"]
[EventCountry "RUS"]
[EventCategory "14"]
[SourceTitle "CBM 038"]
[Source "ChessBase"]
[SourceDate "1994.02.01"]
[SourceVersion "1"]
[SourceVersionDate "1994.02.01"]
[SourceQuality "1"]

1. c4 e5 2. Nc3 Nf6 3. Nf3 Nc6 4. a3 d6 5. d3 Nd4 (5... g6 $5) 6. Nd2 Bg4 7. b4
Be7 8. h3 Bh5 9. Qa4+ c6 (9... Qd7 10. Qxd7+ Nxd7 11. Ra2 c6 12. e3 Ne6 13. Be2
$10) 10. e3 Ne6 11. Bb2 O-O 12. Be2 d5 13. Bxh5 Nxh5 14. Qd1 d4 (14... Nf6 $13)
15. Qxh5 (15. exd4 Nhf4 $1 $17) 15... dxc3 16. Bxc3 Qxd3 17. Rc1 (17. Bxe5 $2
f6 18. Bb2 Qc2 19. Rb1 Rad8 20. Qe2 Rxd2 $19) 17... Nd4 $2 (17... Rad8 18. Qe2
f6 19. Qxd3 Rxd3 20. Ke2 $10) 18. exd4 exd4 19. Bb2 Rfe8 20. Kd1 a5 21. Qe2 $1
Qxe2+ (21... Qf5 22. Re1 $18) 22. Kxe2 axb4 23. axb4 d3+ (23... Bxb4+ 24. Kd3
$18) 24. Kf3 Bg5 25. Bc3 Re2 26. Ra1 $1 Rae8 27. Rhd1 h5 28. Nf1 Rd8 29. Bd2
Bf6 30. Ra3 Re5 31. Bf4 1-0

[Event "CUB-ch"]
[Site "Las Tunas"]
[Date "2001.04.08"]
[Round "8"]
[White "Nogueiras Santiago, Jesus"]
[Black "Gomez Fontal, Felix Manuel"]
[Result "1/2-1/2"]
[WhiteElo "2557"]
[BlackElo "2462"]
[Annotator "Ribli,Z"]
[PlyCount "93"]
[EventDate "2001.04.01"]
[EventType "tourn"]
[EventRounds "16"]
[EventCountry "CUB"]
[EventCategory "9"]
[SourceTitle "CBM 083"]
[Source "ChessBase"]
[SourceDate "2001.07.05"]
[SourceVersion "1"]
[SourceVersionDate "2001.07.05"]
[SourceQuality "1"]

1. c4 Nf6 2. Nc3 e5 3. Nf3 Nc6 4. d4 {Seinerzeit wählte Botwinnik gerne diese
Fortsetzung, später schloss sich auch Kramnik in einigen Partien dieser Wahl
an. Meiner Meinung nach jedoch ist die Alternative 4.g3 chancenreicher für
Weiß.} exd4 (4... e4 {Dieser alte Zug wird heutzutage praktisch nicht mehr
gespielt.}) 5. Nxd4 Bb4 6. Bg5 h6 7. Bh4 Ne5 {Mit diesem Zug bereitet Schwarz
das Manöver Ng6 vor. In einigen Varianten kann auch der Pc4 hängen. Ich möchte
anmerken, dass dieser Zug - zumindest bis jetzt - keine gute Reputation
genießt.} (7... Bxc3+ 8. bxc3 Ne5) (7... O-O) 8. Qb3 (8. f4 Ng6 9. Bxf6 Qxf6
10. g3 O-O 11. Qd3 Re8 12. Bg2 d6 13. Rd1 a6 14. O-O Bxc3 15. bxc3 Rb8 {
0-1 Sion,P-Schwartzman,G/Avoine 1993/EXT 99 (31)}) 8... Ba5 $5 $146 {[%mdl 4]}
(8... a5 9. a3 Bxc3+ 10. Qxc3 d6 11. f3 Ng6 12. Bf2 O-O 13. Rd1 c6 14. e3 Qe7
15. Be2 Bd7 16. O-O {1-0 Ravi,L-Laxman,R/Calcutta 1999/CBM 69 ext (37)}) (8...
Bxc3+ 9. Qxc3 d6 (9... O-O 10. Nb5 d6 11. Bxf6 Qxf6 12. Nxc7 Rb8 13. e3 Bf5 14.
Nd5 Qd8 15. f4 Nd7 16. Be2 Be4 17. Bf3 {1-0 Smirin,I-Hertneck,G/Vienna 1996/
CBM 53 ext/[Chekhov] (61)}) (9... Ng6 $6 10. Nf5 $1 (10. Qe3+ Kf8 11. Bg3 d6
12. O-O-O Qe8 13. Qxe8+ Nxe8 14. Nb5 {1-0 Tartakower,S-Keres,P/Warsaw 1935/EXT
2000 (54)}) 10... Nxh4 11. Nxg7+ Ke7 12. Nh5 $1 Ke6 13. Qh3+ Ke5 14. f4+ Kd6
15. Qxh4 $18 {Hernandez,R-Vaisser,A/Habana/1985/0,5/41/}) 10. Nb5 g5 11. Bg3
Ne4 12. Qd4 Nxg3 13. hxg3 a6 14. Nc3 Be6 15. O-O-O c5 16. Qxd6 Qxd6 17. Rxd6
Nxc4 18. Rd1 {1-0 Agrest,E-Ruck,R/Gyula 1997/CBM 58 ext (56)}) (8... Bc5 9.
O-O-O Ng6 10. Bg3 O-O 11. e3 Nh5 12. Ne4 Nxg3 (12... b6 $5) 13. hxg3 Bxd4 14.
Rxd4 d6 15. c5 $16 {1-0 Salov,V-Illescas Cordoba,M/Madrid 1995/CBM 47/[Salov] 
(46)}) 9. O-O-O $2 {Dieser natürlich wirkende Zug ist interessanter Weise
schon ein Fehler. In der Folge bekommt Schwarz besseres Spiel.} (9. e3 O-O $13)
9... Bxc3 $1 10. Qxc3 (10. bxc3 O-O $15) 10... Ne4 $1 11. Qh3 (11. Bxd8 Nxc3
12. Bxc7 (12. bxc3 Kxd8 $15 {[%csl Rc3,Rc4] Schwarz hat die viel bessere
Bauernstruktur.}) 12... Nxd1 13. Bxe5 Nxf2 $17) 11... d6 {[%cal Rc8h3]} 12.
Bxd8 (12. g4 Bxg4 $17) 12... Bxh3 13. Bh4 (13. gxh3 $6 Rxd8 {[%csl Rf2]} 14.
Rg1 Nxf2 $17) 13... g5 $5 (13... Bd7 $6 14. f3 $14) 14. Bg3 (14. gxh3 gxh4 15.
f4 Nxc4 16. e3 Nb6 $17 (16... Nxe3 $4 17. Re1 $18 {[%cal Re1e8]})) 14... Bd7
15. f3 $5 {Weiß opfert einen Bauern für etwas Aktivität.} (15. b3 Ng4 {[%csl
Rf2]} (15... Nxg3 16. hxg3 (16. fxg3 Ng4 $15) 16... Ng4 $17)) (15. e3 Ng4 $17 {
[%csl Rf2][%cal Rg4f2]}) 15... Nxg3 16. hxg3 Nxc4 17. e4 (17. e3 $5 Nb6 (17...
Nxe3 $4 18. Re1 $18) 18. Bd3 $15 {Schwarz hat einen Bauern mehr, aber sein Ph6
ist schwach. Zudem ist seine Bauernstruktur am Königsflügel geschwächt.}) 17...
Ne3 18. Re1 Nxf1 19. Rexf1 Kf8 (19... h5 $5 20. g4 h4 21. g3 Ke7 22. gxh4 Rxh4
23. Rxh4 gxh4 $17) 20. g4 $1 {Weiß blockiert den Königsflügel. Der schwarze
Materialvorteil ist nicht so leicht zu verwerten.} Kg7 21. Ne2 {[%cal Ge2g3,
Gg3h5]} Bb5 22. Rf2 Bxe2 23. Rxe2 $15 {[%mdl 4096] In Turmendspielen hat der
Verteidiger immer Rettungschancen. Die schwarze Bauernmehrheit am Damenflügel
ist nicht leicht zu mobilisieren.} Rhe8 (23... a5 24. Rc2 Rac8 (24... c6 $2 25.
Rd1 Rhd8 26. Rcd2 $11) 25. Rd1 $15) 24. Rc2 Re7 25. b4 $1 {Weiß möchte auch
noch den Damenflügel blockieren.} a5 26. b5 (26. bxa5 Rxa5 $17) 26... a4 27.
Rd1 {Droht 28.b6 mit Schwächung der schwarzen Bauernstruktur.} b6 28. a3 Kg6
29. Rd5 {[%csl Gd5] Weiß hat eine gute Blockadestellung aufgebaut. Die
schwarze Bauernmehrheit am Damenflügel ist nicht zu mobilisieren. Zudem ist
der schwarze Pa4 ist schwach.} h5 30. gxh5+ Kxh5 31. Kd2 Ra5 (31... Kh4 32. Rc4
$11 {[%cal Gc4h4]} (32. g4)) 32. g4+ Kg6 (32... Kh4 $2 33. Ke3 $18 {[%csl Rh4]
Und plötzlich befindet sich der schwarze König in großer Not. Es droht 34.Rdd2
mit nicht mehr parierbaren Drohungen.}) 33. Kc3 f6 34. Rh2 $11 {[%cal Gh2h8]
Weiß kontrolliert alle wichtigen Punkte - Schwarz kommt nicht voran.} Rh7 35.
Rxh7 Kxh7 36. Kb4 {[%csl Ra4,Gb4] Schwarz ist gezwungen, mit dem Turm auf der
a-Linie zu bleiben, sonst fällt der Pa4.} Kg6 37. Rd1 Kf7 38. Rc1 Ra7 39. Kc4 {
[%cal Rc4d5,Rd5c6]} Ke6 40. Rd1 (40. Rh1 Ke5 $15 {[%cal Re5f4]}) 40... Ra5 (
40... Ke5 41. Rd5+ Ke6 $11 (41... Kf4 $2 42. Rf5+ $16)) 41. Rd5 Ke7 42. Kb4 Ke6
43. Rf5 Ra8 44. Rd5 Kd7 45. Rf5 Ke7 46. Rd5 Ra5 47. Rf5 {Und schließlich
einigte man sich - in ausgeglichener Stellung - auf Remis.} 1/2-1/2

[Event "USA-CHN Summit"]
[Site "Seattle"]
[Date "2001.03.16"]
[Round "3.6"]
[White "Christiansen, Larry Mark"]
[Black "Zhu, Chen"]
[Result "1-0"]
[WhiteElo "2566"]
[BlackElo "2538"]
[Annotator "Ribli,Z"]
[PlyCount "63"]
[EventDate "2001.03.14"]
[EventType "team"]
[EventRounds "4"]
[EventCountry "USA"]
[SourceTitle "CBM 082"]
[Source "ChessBase"]
[SourceDate "2001.05.17"]
[SourceVersion "1"]
[SourceVersionDate "2001.05.17"]
[SourceQuality "1"]
[WhiteTeam "US of America"]
[BlackTeam "China"]
[WhiteTeamCountry "USA"]
[BlackTeamCountry "CHN"]

1. c4 Nf6 2. Nc3 e5 3. Nf3 Nc6 4. d4 {Das ist eine heutzutage relativ seltene,
seinerzeit von Botvinnik jedoch bevorzugte Fortsetzung.} exd4 5. Nxd4 Bc5 {
Das ist ein seltener Zug - die Alternative 5...Bb4 ist die Hauptfortsetzung.}
6. Nxc6 bxc6 7. e3 {Eine etwas genügsame Fortsetzung - die Entwicklung des
Läufers nach g2 eröffnet Weiß m.E. bessere Aussichten auf Eröffnungsvorteil.} (
7. g3 Rb8 (7... h5 8. Bg2 h4 9. O-O hxg3 10. hxg3 $16) 8. Bg2 Ba6 9. b3 (9. Qa4
Qc8 10. a3 Bd4 $13) 9... O-O $14) 7... O-O 8. Be2 Qe7 $6 {Eine etwas passive
Fortsetzung. Die Alternative 8...d5 ist natürlicher und logischer.} (8... d5 $5
9. O-O Be6 (9... Bd6 10. g3 (10. cxd5) 10... dxc4 11. Qd4 c5 12. Qxc4 Rb8 13.
Bf3 Ng4 14. Bg2 Ne5 15. Qa4 Bg4 16. f4 Nd3 17. Qc2 c4 18. Ne4 Qe7 19. b3 Nxc1
20. Qxc1 Be2 21. Rf2 Ba3 {1/2-1/2 Gheorghiu,F-Christiansen,L/Palo Alto 1981/
EXT 2000 (37)}) 10. b3 Bd6 (10... Qe7 11. cxd5 (11. Bb2 Rab8 12. Qc2 Ba3 13.
Bxa3 Qxa3 14. cxd5 cxd5 15. Na4 Qd6 16. Rac1 Rfc8 17. Nc5 {1-0 Raupp,F-Stock,M/
Lugano 2000/EXT 2001 (37)}) 11... cxd5 12. Bb2 Rfd8 13. Nb5 Ne4 14. Rc1 a6 15.
Nd4 Bd6 {0-1 Cafferty,B-Wade,R/Coventry 1970/EXT 99/[ChessBase] (41)}) 11. cxd5
cxd5 12. Bb2 c6 13. Rc1 Qe7 14. Bf3 Rfd8 15. Re1 Rac8 16. g3 {1/2-1/2 Lalic,
B-Kacheishvili,G/Berlin 1996/CBM 54 ext (32)}) 9. O-O Ne4 $6 {Dieser Zug macht
das vorangegangene 8...Qe7 verständlicher. Dennoch scheint mir auch hier
wieder 9...d5 die beste Fortsetzung für Schwarz zu sein.} (9... d5 $5 10. cxd5
Rd8 $11) 10. Nxe4 Qxe4 11. Bd2 (11. b3) 11... Qe7 12. a3 Bd6 (12... a5 $5) 13.
Qc2 (13. b4 c5 $5 (13... Be5 14. Rc1 $14) 14. Rb1 (14. b5 Be5 15. Rb1 d6 $11)
14... Rb8 $11) 13... c5 14. Bd3 Qh4 (14... h6 15. f4 $14) (14... g6 15. f4 $14)
15. f4 $14 {Weiß hat das bessere Figurenspiel, zudem kann er seine
Bauernmehrheit am Königsflügel mobilisieren. Es ist nicht leicht für Schwarz,
Gegenspiel zu finden.} Bb7 16. e4 f6 $6 {[%mdl 16384] Mit diesem Zug
verhindert Schwarz zwar den Zug e4-e5, gleichzeitig aber schwächt er damit
seine Königsstellung.} (16... Rfe8 $14) 17. Rf3 {[%cal Gf3h3,Gh3h7]} h6 18.
Raf1 {Weiß kann spürbar Aktivität am Königsflügel entwickeln.} Rae8 19. Rg3 Kh8
(19... Qh5 20. e5 fxe5 21. Bg6 $16) 20. Qd1 $1 $16 {[%csl Rh4] Nach diesem Zug
befindet sich die schwarze Dame in großer Not. Es droht 21.Rh3 mit Damenfang.}
f5 $8 (20... Bxe4 21. Bxe4 Rxe4 22. Rh3 $18) 21. e5 Be7 22. Be1 $1 {[%csl Rh4]
[%cal Re1h4]} Bd8 23. Rxg7 $1 $18 {[%mdl 64] Mit diesem Zug gewinnt Weiß
Material und die Partie.} (23. Bxf5 Rxf5 24. Qxd7 $18) 23... Qxe1 24. Rxe1 Kxg7
25. Bxf5 $1 {Den auch noch! Der weiße Materialvorteil wird immer größer.} Re7 (
25... Rxf5 26. Qxd7+ $18) 26. Qh5 Kg8 27. Re3 {In dieser Stellung hätte
Schwarz die Partie ruhigen Gewissens aufgeben können.} Rg7 28. Rg3 Bg5 (28...
Rxg3 29. hxg3 $18) 29. Qg4 (29. fxg5 Rxf5 30. e6 dxe6 31. Qe8+ Rf8 32. Qxe6+
$18) 29... Bf6 30. Qh3 Bg5 31. fxg5 Rgf7 32. gxh6+ 1-0